Απογραφή και χαρτογράφηση γεωγραφικών χαρακτηριστικών του δήμου Αγιάσου Λέσβου : πτυχιακή εργασία

Αποθηκεύτηκε σε:
Λεπτομέρειες βιβλιογραφικής εγγραφής
Κύριος συγγραφέας: Κοντοζήση, Ιωάννα
Συγγραφή απο Οργανισμό/Αρχή: Πανεπιστήμιο Αιγαίου Σχολή Περιβάλλοντος Πρόγραμμα Σπουδών Επιλογής Περιβαλλοντική Χαρτογραφία
Άλλοι συγγραφείς: Ράγγου, Ειρήνη
Μορφή: Thesis Βιβλίο
Γλώσσα:Greek
Δημοσίευση: 2004.
Θέματα:
Ετικέτες: Προσθήκη ετικέτας
Δεν υπάρχουν, Καταχωρήστε ετικέτα πρώτοι!

MARC

LEADER 00000cam a2200000 i 4500
001 1/88371
008 051031s2004 gr | ||| |||| ||gre||
035 |l 10081062 
040 |a GR-MyUa  |b gre  |e AACR2 
041 0 |a gre 
082 7 |a 910.285   |2 (22) 
100 1 |a Κοντοζήση, Ιωάννα. 
245 1 0 |a Απογραφή και χαρτογράφηση γεωγραφικών χαρακτηριστικών του δήμου Αγιάσου Λέσβου :   |b πτυχιακή εργασία /   |c Κοντοζήση Ιωάννα, Ράγγου Ειρήνη ; υπεύθυνος καθηγητής Κώστας Δ. Καλαμποκίδης. 
260 |c 2004. 
300 |a 124 σ. :   |b πιν., χάρτες ;   |c 30 εκ. 
500 |a Υπάρχει ψηφιακό αντίγραφο. 
500 |a Μέλη της εξεταστικής επιτροπής Κ. Καλαμποκίδης, Ν. Σουλακέλλης, Ι. Σπιλάνης. 
502 |a Πτυχιακή εργασία – Πανεπιστήμιο Αιγαίου, Λέσβος, 2004. 
504 |a Βιβλιογραφία: 124. 
650 0 |a Environmental mapping  |z Greece  |z Hagiasos. 
650 0 |a Dissertations, Academic  |z Greece. 
651 0 |a Hagiasos (Greece)  |x Environmental conditions. 
651 0 |a Hagiasos (Greece)  |v Maps. 
700 1 |a Ράγγου, Ειρήνη. 
700 1 |a Καλαμποκίδης, Κώστας Δ.  |e dgs 
710 2 |a Πανεπιστήμιο Αιγαίου  |b Σχολή Περιβάλλοντος  |b Πρόγραμμα Σπουδών Επιλογής Περιβαλλοντική Χαρτογραφία. 
852 |a INST  |b LESVOS  |c DIATR  |e 20051031  |h 47  |p 005100033352  |q 005100033352  |t DIE  |y 23 
852 |a INST  |b LESVOS  |c DIATR  |e 20051031  |h 48  |p 005100033351  |q 005100033351  |t DIE  |y 23 
901 |a BIBL1-2005-3 
924 |a Κοντοζήση  |b Ιωάννα  |y Λέσβος  |z 2004-10 
924 |a Ράγγου  |b Ειρήνη  |y Λέσβος  |z 2004-10 
970 |a ΜΑΡΙΝΑΤΟΥ  |b ΜΥΡΣΙΝΗ  |z 2005/10/31